书目信息 |
| 题名: |
知人知面知心
|
|
| 作者: | 刘刚 编著 | |
| 分册: | ||
| 出版信息: | 北京 农村读物出版社 1992 |
|
| 页数: | 164页 | |
| 开本: | 19cm | |
| 丛书名: | ||
| 单 册: | ||
| 中图分类: | C912.1 , B825 | |
| 科图分类: | ||
| 主题词: | 人间交往--通俗读物 , 伦理学 | |
| 电子资源: | ||
| ISBN: | 7-5048-0781-8 | |
| 000 | 00678nam0 2200253 45 | |
| 001 | 0939633479 | |
| 005 | 20090929160909.35 | |
| 010 | @a7-5048-0781-8@dCNY3.35 | |
| 100 | @a19800101d1992 em y0chiy0121 ea | |
| 101 | 0 | @achi |
| 102 | @aCN@b110000 | |
| 105 | @ay z 000yy | |
| 200 | 10 | @a知人知面知心@Azhi ren zhi mian zhi xin@f刘 刚编著@FLIU GANG BIAN ZHU |
| 205 | @a2版 | |
| 210 | @a北京@c农村读物出版社@d1992 | |
| 215 | @a164页@d19cm | |
| 540 | 1 | @a知心术@AZHI XIN SHU |
| 606 | 0 | @a人间交往@x通俗读物 |
| 606 | 0 | @a伦理学 |
| 690 | @aC912.1@v三版 | |
| 690 | @aB825@v4 | |
| 701 | 0 | @a刘刚@ALIU GANG@4编著 |
| 801 | 0 | @aCN@bTSSF@c19800101 |
| 905 | @a10447@dB825@eJY6 | |
| 知人知面知心/刘 刚编著.-2版.-北京:农村读物出版社,1992 |
| 164页;19cm |
| ISBN 7-5048-0781-8:CNY3.35 |
| ● |
| 相关链接 |
|
|
|
|
正题名:知人知面知心
索取号:B825/JY6
 
预约/预借
| 序号 | 登录号 | 条形码 | 馆藏地/架位号 | 状态 | 备注 |
| 1 | 7804897 | 278048970 | 学院路分馆/ [索取号:B825/JY6] | 在馆 |